00400 a2200121 4500020001500000082001500015100002600030245008400056250001200140260005700152300003500209650003400244 a818561816X a005.13 PRE aPress, W. H...[et al] aNumerical recipes in C : the art of scientific computingcW. H. Press...[et al] a2nd ed. aNew Delhi :bCambridge University Press India,c2007 axxvi, 994p. :bill., ;c24 cm. aC (computer program language)